| 000 | 00718nam a2200229 a 4500 | ||
|---|---|---|---|
| 999 |
_c2734 _d2734 |
||
| 001 | 1450148 | ||
| 003 | GBCCL | ||
| 005 | 20241126110438.0 | ||
| 008 | 850701s1984 ilua 000 0 eng | ||
| 010 | _a 85172964 | ||
| 040 |
_aDLC _cDLC _dDLC |
||
| 050 | 0 | 0 |
_aBV4011 _b.C54 1984 |
| 082 | 0 | 0 |
_a253 _219 _bCLA |
| 100 | 1 |
_aClapp, Steve. _95780 |
|
| 245 | 1 | 0 |
_aPositioning ministry for success / _cSteve Clapp. |
| 260 |
_aChampaign, Ill. (P.O. Box 1408, Champaign 61820) : _bC-4 Resources, _cc1984. |
||
| 300 |
_aiv, 186 p. : _bill. ; _c22 cm. |
||
| 440 | 0 |
_aC-4 Resources' practice of ministry series _95781 |
|
| 650 | 0 |
_aPastoral theology. _9414 |
|
| 906 |
_a7 _bcbc _corignew _d2 _encip _f19 _gy-gencatlg |
||
| 942 |
_2ddc _cBK |
||